| 000 | 04065nam a22004217a 4500 | ||
|---|---|---|---|
| 003 | EG-GICUC | ||
| 005 | 20260704125254.0 | ||
| 008 | 260704s2022 ua a|||frm||| 000 0 eng d | ||
| 040 |
_aEG-GICUC _beng _cEG-GICUC _dEG-GICUC _erda |
||
| 041 | 0 |
_aeng _beng _bara |
|
| 049 | _aDeposit | ||
| 082 | 0 | 4 | _a624.1 |
| 092 |
_a624.1 _221 |
||
| 097 | _aM.Sc | ||
| 099 | _aCai01.13.05.M.Sc.2022.Kh.S | ||
| 100 | 0 |
_aKhalid Hossam Mohamed Al-Derdaby Al-Kady, _epreparation. |
|
| 245 | 1 | 0 |
_aSEISMIC PERFORMANCE OF SELF-CENTERING STEEL PLATE SHEAR WALLS / _cby Khalid Hossam Mohamed Al-Derdaby Al-Kady ; Supervised Prof.Dr. Hazem Hossam El din ElAnwar, Prof.Dr.Ashraf Mahmoud |
| 246 | 1 | 5 | _aالتصرف الزلزالي لحوائط القص من ألواح الصلب ذات األتزان الذاتي |
| 264 | 0 | _c2022. | |
| 300 |
_a145 p. : _billustrations ; _c30 cm. + _eCD. |
||
| 336 |
_atext _2rda content |
||
| 337 |
_aUnmediated _2rdamedia |
||
| 338 |
_avolume _2rdacarrier |
||
| 502 | _aThesis (M.Sc.)-Cairo nivsersity,2022. | ||
| 504 | _aBibliography: p. 53-57. | ||
| 520 | 3 | _aSelf-Centering Steel Plate Shear Walls (SC-SPSWs) are used to guarantee the immediate occupancy of structures after strong earthquakes with the least possible amount of repair. The SC-SPSW is an integration of two distinct structural systems: (1) SPSW and (2) PT rocking steel moment connections. The SC-SPSW is an economic and strong structural system that localizes the damage due to moderate or severe earthquakes in the steel web plates mostly, which can be easily replaced. This study is concerned with investigating the seismic performance of SC-SPSWs with different panel aspect ratios (height-to-length ratios) 0.66, 1, and 1.31. The SC-SPSW prototype buildings used in the parametric study were built according to a performance-based seismic design approach. A framework comprising the graphicaluser-interface software OPENSEES Navigator and the finite element software OPENSEES was used for building numerical models incorporating geometric and material nonlinearities for the SC-SPSWs. The seismic performance of the SC-SPSW prototypes was evaluated through conducting extensive nonlinear time history analyses. The compliance of the SC-SPSW prototypes with the PBSD approach was assessed under earthquakes with 50%, 10%, and 2% probabilities of exceedance in 50 y | |
| 520 | 3 | _aيتم استعمال حوائط القص من الواح الصلب ذات األتزان الذاتي لضمان االستعمال المباشر للمنشآت بعد الزالزل القوية باقل قدر ممكن من الترميم. ان حوائط القص من ألواح الصلب ذات األتزان الذاتي هي نظام انشائي اقتصادي و قوي يعمل على تركيز الضرر من الزالزل القوية لتكون في ألواح الصلب فقط التي يمكن استبدالها بسهولة .تلك الدراسة مهتمة بدراسة مدى تأثير التصرف الزلزالي لحوائط القص من ألواح الصلب ذات األتزان الذاتي بتغيير نسبة أبعاد الحائط لبعضها . للوصول لهذا الهدف تم عمل دراسة بنسب مختلفة باستعمال برنامج أوبن سيس. الدراسة قامت بألوصول ألرشادات عامة متعلقة باستخدام هذا النظام لتصميم المنشآت و التفاصيل االنشائية في المناطق الزلزالية | |
| 530 | _aIssued also as CD | ||
| 546 | _aText in English and abstract in Arabic & English. | ||
| 650 | 0 | _aStructural Engineering | |
| 653 | 1 | _aSelf-Centering | |
| 700 | 0 |
_aHazem Hossam El din ElAnwar _ethesis advisor. |
|
| 700 | 0 |
_aAshraf Mahmoud _ethesis advisor. |
|
| 900 |
_b01-01-2022 _cHazem Hossam El din ElAnwar _cAshraf Mahmoud _UCairo University _FFACULTY OF ENGINEERING _DDepartment of Structural Engineering |
||
| 905 | _aShimaa | ||
| 942 |
_2ddc _cTH _e21 _n0 |
||
| 999 | _c180687 | ||